| 000 | 00946nam a2200289Ia 4500 | ||
|---|---|---|---|
| 001 | B3286 | ||
| 003 | IT-RoPAU | ||
| 008 | 130308s9999 xx 000 0 und d | ||
| 040 | _aIT-RoPAU | ||
| 040 | _cIT-RoPAU | ||
| 041 | _aITALIANO | ||
| 100 | _aCavicchia Scalamonti Antonio | ||
| 100 | _gCodice Aut. SPICS: 37546 | ||
| 245 | _aSull'immortalità | ||
| 245 | _bFelicita' Eterna (La)-La rappresentazione della Morte nella tv e Nei Media | ||
| 250 | _a1a ed. | ||
| 260 | _aTORINO | ||
| 260 | _bERI - Edizioni Rai | ||
| 260 | _c1992 [1° Ed.:1992 - Ed.Ling.Originale:1992] | ||
| 300 | _a"23 p. (prefazione: no ; testo: 23 [pagine: 11-33])" | ||
| 500 | _a"Tema dell'Immortalità con Spunto dal Romanzo di Adolfo Bioy Casares ""L'Invenzione di Morel"". Qualche Considerazione Sul testo ." | ||
| 650 | _aSOCIOLOGIA DELLA COMUNICAZIONE SOCIALE | ||
| 650 | _eCodice materia Spics: 3806 | ||
| 942 | _cBK | ||
| 957 | _71 | ||
| 999 |
_c80564 _d80564 |
||
| 999 | _g1 | ||